Микроэлементы в почвах и растениях Колывань-Томской складчатой зоны; Биогеохимические поиски рудных месторождений

Bibliographic Details
Parent link:Биогеохимические поиски рудных месторождений.— 1969.— С. 101-105
Main Author: Удодов П. А.
Other Authors: Солодовникова Р. С., Шварцева Н. М.
Language:Russian
Published: 1969
Subjects:
Format: MixedMaterials Book Chapter
KOHA link:https://koha.lib.tpu.ru/cgi-bin/koha/opac-detail.pl?biblionumber=151863

MARC

LEADER 00000naa2a2200000 4500
001 151863
005 20231031150841.0
035 |a (RuTPU)RU\TPU\book\164656 
035 |a RU\TPU\tpu\13763 
090 |a 151863 
100 |a 20090128d1968 k y0rusy50 ca 
101 0 |a rus 
102 |a RU 
200 1 |a Микроэлементы в почвах и растениях Колывань-Томской складчатой зоны  |f П. А. Удодов, Р. С. Солодовникова, Н. М. Шварцева 
320 |a Библиогр.: 5 назв. 
463 0 |0 (RuTPU)RU\TPU\book\135384  |t Биогеохимические поиски рудных месторождений  |o доклады секции "Биогеохимические исследования при поисках месторождений полезных ископаемых" V Всесоюзного совещания "Микроэлементы в сельском хозяйстве и медицине", 15-20 августа 1966 г., г. Иркутск  |f Академия наук СССР, Сибирское отделение; Бурятский институт естественных наук; под ред. А. Л. Ковалевского; А. И. Перельмана  |v С. 101-105  |d 1969  |p 288 с. 
610 1 |a труды учёных ТПУ 
700 1 |a Удодов  |b П. А. 
701 1 |a Солодовникова  |b Р. С. 
701 1 |a Шварцева  |b Н. М. 
801 1 |a RU  |b 63413507  |c 20080111  |g PSBO 
801 2 |a RU  |b 63413507  |c 20090128  |g PSBO 
942 |c BK